00000000nam 2200000zi 4500
0019.947191
003CaOODSP
00520250121111942
006m     o  d f      
007cr mn|||||||||
008250121s1968    onc     o    f100 0 eng d
040 |aCaOODSP|beng|erda|cCaOODSP
0410 |aeng|afre
043 |an-cn---
0861 |aPC32-8/1968-PDF|zPC32-8/1968
1112 |aConstitutional Conference |n(1st : |d1968 : |cOttawa, Ont.)
24510|aConstitutional Conference proceedings : |bfirst meeting, February 5-7, 1968, Ottawa = Conférence constitutionnelle, délibérations : première réunion, le 5-7 février 1968, Ottawa.
24611|aConférence constitutionnelle, délibérations : |bpremière réunion, le 5-7 février 1968, Ottawa
24614|aConstitutional Conference, Ottawa : |bfirst meeting, February 1968 = Conférence constitutionnelle, Ottawa : première réunion, février 1968
264 1|aOttawa, Canada : |bRoger Duhamel, F.R.S.C. = Roger Duhamel, M.S.R.C., |c1968.
300 |a1 online resource (xiii, 548 pages)
336 |atext|btxt|2rdacontent
337 |acomputer|bc|2rdamedia
338 |aonline resource|bcr|2rdacarrier
500 |aDigitized edition from print [produced by Government of Canada Publications Directorate].
546 |aText in English and French.
650 0|aConstitutional law|zCanada|vCongresses.
650 0|aConstitutional amendments|zCanada|vCongresses.
650 0|aBilingualism|zCanada|vCongresses.
650 0|aBiculturalism|zCanada|vCongresses.
655 7|aConference papers and proceedings|2lcgft
7101 |aCanada. |bConstitutional Conference, |eissuing body.
788 |tConstitutional Conference proceedings : |efre|w(CaOODSP)9.947193
85640|qPDF|s31.80 MB|uhttps://publications.gc.ca/collections/collection_2025/bcp-pco/PC32-8-1968.pdf